| 000 | 01074nam a2200349 i 4500 | ||
|---|---|---|---|
| 001 | 46863 | ||
| 003 | KOSZ 005 | ||
| 005 | 20210913093706.0 | ||
| 008 | 060522s2005 pl a |001 0 pol | ||
| 015 | _aPB 2006/10604 | ||
| 020 | _a8372434751 | ||
| 040 |
_aWA N _cWA N _dKOSZ 005/HR |
||
| 041 | 1 |
_apol _heng |
|
| 046 | _k2002 | ||
| 080 | _a646.26/.27 | ||
| 080 | _a746 | ||
| 080 | _a(02.025.2) | ||
| 100 | 1 |
_aGentry, Jim _eAutor |
|
| 245 | 1 | 0 |
_aMakramy : _boryginalne ozdoby / _cJim Gentry ; [tł. Katarzyna Gwiazda]. |
| 246 | 1 |
_iTyt. oryg.: _aMacrame : _b20 great projects to knot, _f2002. |
|
| 260 |
_aWarszawa : _bWydawnictwo RM, _c2005. |
||
| 300 |
_a80 s. : _bil. kolor. ; _c27 cm. |
||
| 380 | _aKsiążki | ||
| 388 | _a2001- | ||
| 504 | _aIndeks. | ||
| 650 | 4 | _aMakramy | |
| 658 | _aHobby i czas wolny | ||
| 700 | 1 |
_aGwiazda, Katarzyna _eTłumaczemie |
|
| 710 | 2 |
_aWydawnictwo RM _4pbl. |
|
| 856 |
_uhttp://koha.tu.koszalin.pl/cgi-bin/koha/opac-detail.pl?biblionumber=46863 _yKatalog online BPK |
||
| 942 |
_2UKD _cKS |
||
| 999 |
_c46863 _d46863 |
||